Random 12 x 12 Multiplication - One Minute Challenge! - Statistics

General Stats
  • This quiz has been taken 13,402 times
  • The average score is 34 of 50
Answer Stats
Problem Solution % Correct
10 x 10 100
69%
3 x 2 6
69%
5 x 3 15
68%
11 x 2 22
68%
10 x 7 70
68%
5 x 2 10
67%
4 x 3 12
67%
12 x 10 120
67%
7 x 2 14
67%
9 x 2 18
67%
12 x 2 24
67%
5 x 5 25
67%
6 x 5 30
67%
12 x 3 36
67%
2 x 2 4
67%
8 x 5 40
67%
10 x 5 50
67%
11 x 7 77
67%
4 x 2 8
67%
10 x 9 90
67%
11 x 9 99
67%
11 x 10 110
66%
4 x 4 16
66%
10 x 2 20
66%
5 x 4 20
66%
6 x 4 24
66%
9 x 3 27
66%
8 x 4 32
66%
7 x 5 35
66%
9 x 5 45
66%
9 x 6 54
66%
11 x 5 55
66%
10 x 6 60
66%
11 x 6 66
66%
10 x 8 80
66%
9 x 9 81
66%
3 x 3 9
66%
6 x 2 12
65%
11 x 11 121
65%
8 x 2 16
65%
6 x 3 18
65%
7 x 3 21
65%
8 x 3 24
65%
7 x 4 28
65%
11 x 3 33
65%
10 x 4 40
65%
12 x 5 60
65%
8 x 8 64
65%
11 x 8 88
65%
9 x 4 36
64%
6 x 6 36
64%
11 x 4 44
64%
12 x 4 48
64%
8 x 7 56
64%
9 x 8 72
64%
12 x 12 144
63%
10 x 3 30
63%
7 x 6 42
63%
7 x 7 49
63%
9 x 7 63
63%
8 x 6 48
62%
12 x 6 72
62%
12 x 9 108
61%
12 x 8 96
61%
12 x 7 84
59%
12 x 11 132
58%
No matching quizzes found
Score Distribution
Percent of People with Each Score
Percentile by Number Answered
Your Score History
You have not taken this quiz